| 000 | 01646nam a2200457 a 4500 | ||
|---|---|---|---|
| 001 | 20457 | ||
| 003 | VRT | ||
| 005 | 20260122142811.0 | ||
| 008 | 961209q1995 xo p 000 p slo c | ||
| 020 | _a8088834236 (brož.) | ||
| 035 | _aUKB000210390 | ||
| 040 |
_aBAA001 _bslo _cBAA001 _eAACR2 |
||
| 041 | 1 | _aslo | |
| 044 |
_axo _cSK |
||
| 080 | _a885.4-1 | ||
| 100 | 1 |
_aŠafárik, Pavol Jozef _d1795-1861 |
|
| 243 | 1 | 0 | _aSlovenský klasicizmus |
| 245 | 0 | 0 |
_aTatranská múza _bvýber z poézie _cPavol Jozef Šafárik, Ján Hollý, Ján Kollár ; [prel. Ľubomír Feldek ... et al.] |
| 260 |
_aRohovce _bInterpopulart Slovakia _c[1995] |
||
| 300 | _a113 s | ||
| 490 | 1 |
_aPopulart. Študentská knižnica _v26 |
|
| 500 | _aSlovenský klasicizmus | ||
| 504 | _aBibliogr. s. 113 | ||
| 505 | 1 | _aTatranská múza s lýrou slovanskou / P.J. Šafárik ; Svätopluk / Ján Hollý ; Dcéra Slávy / Ján Kollár | |
| 650 | 0 | 7 | _aliteratúra slovenská klasicistická |
| 650 | 0 | 7 | _apoézia |
| 653 | _a885.4-1 | ||
| 700 | 1 |
_aHollý, Ján, _d1785-1849 _4aut |
|
| 700 | 1 |
_aKollár, Ján, _d1793-1852 _4aut |
|
| 700 | 1 |
_aFeldek, Ľubomír, _d1936- _4trl |
|
| 760 | 1 | _tPopulart. Študentská knižnica | |
| 774 | 0 |
_tTatranská múza s lýrou slovanskou _aŠafárik, Pavol Jozef, 1795-1861 |
|
| 774 | 0 |
_tSvätopluk _aHollý, Ján, 1785-1849 |
|
| 774 | 0 |
_tDcéra Slávy _aKollár, Ján, 1793-1852 |
|
| 830 | 0 |
_aPopulart. Študentská knižnica _v26 |
|
| 910 | _aukb | ||
| 942 |
_2ddc _cKLDO _n0 |
||
| 949 |
_61800009228 _a30.D.66678 _bPV.5671-96 |
||
| 949 |
_61800009227 _aSL.D.24701 _bPV.5672-96 |
||
| 949 |
_61800065036 _a30.D.66678 _bNA.236-99 |
||
| 999 |
_c20457 _d20457 |
||